000 00768nam a22002415a 4500
008 161208b2015 ii a|||fr|||| 001 0 eng d
020 _a9789333200677
020 _a9333200673
040 _aEG-ScBUE
_beng
_cEG-ScBUE
082 _222
_a004.22
_bGOD
100 1 _938238
_aGodse, Atul P.
245 _aComputer organization /
_cAtul P. Godse, Deepali A. Godse.
260 _aPune, India :
_bTechnical Publications,
_c2015.
300 _a1 v. (various pagings) :
_bill. ;
_c24 cm.
590 _aWessam
650 7 _2BUEsh
_9959
_aComputer organization.
650 7 _92654
_a Computer architecture.
_2BUEsh
651 _2BUEsh
653 _bCOMSCI
_cDecember2016
653 _bENGELC
_cDecember2016
700 1 _913277
_aGodse, Deepali A.
942 _2ddc
_e22
_k004.22 GOD
999 _c23524
_d23496